000 00368 a2200109 4500
001 ART_49472
005 20260410162043.0
008 260409a
245 1 0 _aResignificación del principio de igualdad en materia tributaria desde una perspectiva de género
100 1 _aCoronello, Silvina E.
773 0 _tImpuestos
_g- N°57 (ago. 2019)
_wREV45175
999 _c35041
_d35041